| Tag |
First Indicator |
Second Indicator |
Subfields |
| LEADER |
00000cam a2200000 a 4500 |
| 001 |
in00000083768 |
| 005 |
20151008054308.0 |
| 008 |
810707s1981 nyua b 00000 eng |
| 010 |
|
|
|a 80084403
|
| 020 |
|
|
|a 0879751487 (pbk.)
|
| 035 |
|
|
|a (OCoLC)07614511
|
| 035 |
|
|
|9 AAJ0233AM
|
| 039 |
0 |
|
|a 2
|b 3
|c 3
|d 3
|e 3
|
| 040 |
|
|
|a DLC
|c DLC
|d TXA
|d UtOrBLW
|
| 049 |
|
|
|a TXAM
|c [1442102]
|
| 050 |
0 |
0 |
|a BF1031
|b .P33
|
| 082 |
0 |
|
|a 001.9
|2 19
|
| 245 |
0 |
0 |
|a Paranormal borderlands of science /
|c edited by Kendrick Frazier.
|
| 264 |
|
1 |
|a Buffalo, N.Y. :
|b Prometheus Books,
|c 1981.
|
| 300 |
|
|
|a xiii, 469 pages :
|b illustrations ;
|c 23 cm.
|
| 336 |
|
|
|a text
|b txt
|2 rdacontent
|
| 337 |
|
|
|a unmediated
|b n
|2 rdamedia
|
| 338 |
|
|
|a volume
|b nc
|2 rdacarrier
|
| 500 |
|
|
|a Essays originally published in the Skeptical inquirer.
|
| 504 |
|
|
|a Includes bibliographies.
|
| 650 |
|
0 |
|a Parapsychology
|x Research.
|
| 650 |
|
0 |
|a Occultism.
|
| 650 |
|
0 |
|a Unidentified flying objects.
|
| 700 |
1 |
|
|a Frazier, Kendrick.
|
| 730 |
0 |
|
|a Skeptical inquirer.
|
| 999 |
|
|
|a MARS
|
| 999 |
f |
f |
|s 3f4f6387-1a54-38f0-bd5a-ad1d644b196e
|i 826f6203-1e28-3e31-ac68-489467f047b3
|t 0
|
| 952 |
f |
f |
|p ric
|a Texas A&M University
|b Rellis Campus
|c Joint Library Facility
|d Remote Storage
|t 0
|e BF1031 .P33
|h Library of Congress classification
|i unmediated -- volume
|m A14806088540
|
| 998 |
f |
f |
|a BF1031 .P33
|t 0
|l Remote Storage
|